000 00762nam a22002537a 4500
001 BR9509495
003 BR-BrBNA
005 20230928095037.0
007 ta
008 230509b bl.||||| |||| 00| 0 por d
040 _aBR-BrBNA
_bpor
_cBiblioteca Nacional de Agricultura
041 _a(Por)
072 _aE50; N01
090 _ E50 BR9509495
110 1 _aEmpresa de Assistencia Tecnica e Extensao Rural do Estado de Mato Grosso, Cuiaba (Brasil)
_94017
245 1 _aHigiene traz saude. Gaste pouco dinheiro e cuide dos arredores de sua casa
260 3 _aCuiaba, MT (Brasil):
_c1980.
300 _a3 p.
650 _aSaneamento Rural
650 _aFossa Septica
650 _aRede de Esgoto
909 _a202309
_bLucia
_c55
_dLucia Elande
942 _cBK
999 _c54169
_d54169